|
|
|
|
| LEADER |
00000nam a22000001a 4500 |
| 001 |
vtls009332592 |
| 003 |
SK-MaSNL |
| 005 |
20260301024218.0 |
| 008 |
240315s1969 xr 000 0 czes |
| 040 |
|
|
|a SNK
|b slo
|c SNK
|e AACR2
|
| 041 |
0 |
|
|a cze
|
| 044 |
|
|
|a xr
|c CZ
|
| 100 |
1 |
|
|a Velinská, Eva,
|d 1934-2010
|4 aut
|9 182064
|
| 245 |
1 |
|
|a VI. mezinárodní sjezd slavistů v Praze 1968 (7. - 13. srpna)
|b bibliografie
|c zprac. Eva Velinská
|
| 260 |
|
|
|a Praha
|b Státní knihovna ČSR - Slovanská knihovna
|c 1969
|e Praha
|f Státní tiskárna
|
| 300 |
|
|
|a 135 s.
|
| 958 |
|
|
|a OND
|
| 999 |
|
|
|c 570710
|d 572640
|
| 952 |
|
|
|a SNK
|b SNK
|y NEVYP
|7 1
|p 17A1137779
|o snkSC 44272 D1
|i snkD 957/84
|8 1
|0 0
|1 0
|4 0
|d 2015-02-17
|l 0
|r 2026-02-23 14:14:05
|w 2026-02-23
|